| 000 | 00493nam a22001817a 4500 | ||
|---|---|---|---|
| 005 | 20251108164901.0 | ||
| 008 | 250721s1997 xx 000 0 ara d | ||
| 082 | 1 | 4 | _a152.4/أسع |
| 100 | 1 | _aأسعد، يوسف ميخائيل | |
| 245 | 1 | 0 | _aالصداقة و الحب / |
| 264 | 1 |
_aالقاهرة : _bدار غريب، _c1997. |
|
| 300 | _a141ص | ||
| 650 | 1 | 7 | _aالحب (عواطف) |
| 650 | 1 | 7 | _aالصداقة |
| 650 | 1 | 7 | _aعلم النفس |
| 942 |
_2ddc _cBK |
||
| 999 |
_c16624 _d16624 |
||